[Event "POR-chT"]
[Site "Portugal"]
[Date "1994.??.??"]
[Round "?"]
[White "Carneiro, Carlos Alberto Carv"]
[Black "Cary, Francisco"]
[Result "1-0"]
[WhiteElo "2250"]
[BlackElo "2215"]
[PlyCount "139"]
[EventDate "1994.??.??"]
[EventType "team-tourn"]
[EventRounds "11"]
[EventCountry "POR"]
[SourceTitle "EXT 1998"]
[Source "ChessBase"]
[SourceDate "1997.11.17"]
[SourceVersion "1"]
[SourceVersionDate "1997.11.17"]
[SourceQuality "1"]

1. d4 Nf6 2. c4 e5 3. dxe5 Ne4 4. Nd2 Bb4 5. Ngf3 Nc6 6. g3 d5 7. exd6 Bf5 8. a3 Bxd2+ 9. Bxd2 Nxd6 10. Rc1 Qe7 11. Bg2 0-0-0 12. Qa4 Kb8 13. 0-0 Bd7 14. Qb3 Be6 15. Be3 Bc8 16. Bc5 b6 17. Bxd6 Rxd6 18. c5 Rf6 19. cxb6 cxb6 20. Qa4 Bb7 21. e3 h5 22. h4 Rd6 23. Ng5 Ne5 24. Bxb7 Qxb7 25. Qf4 Re8 26. Rfd1 Rf6 27. Qd4 a5 28. Qd5 Qxd5 29. Rxd5 Ng4 30. Rc2 Rc8 31. Rxc8+ Kxc8 32. Ne4 Re6 33. Nc3 Re7 34. Kg2 g6 35. b4 axb4 36. axb4 Nf6 37. Rd6 Nd7 38. Nd5 Re6 39. Rxe6 fxe6 40. Nf4 Nf8 41. Kf3 Kd7 42. Ke4 Kd6 43. f3 e5 44. Nd5 Nd7 45. g4 Ke6 46. g5 Kd6 47. f4 exf4 48. exf4 Ke6 49. Nc7+ Kd6 50. Nb5+ Ke6 51. Nd4+ Kf7 52. Kd5 Nb8 53. Kd6 Na6 54. Nc6 b5 55. Kd7 Kf8 56. Kc8 Kf7 57. Kb7 Nxb4 58. Nxb4 Ke6 59. Kc7 Kf5 60. Kd6 Kxf4 61. Ke6 Kg4 62. Kf6 Kxh4 63. Kxg6 Kg4 64. Kf6 h4 65. g6 h3 66. g7 h2 67. g8Q+ Kf3 68. Qh7 Kg2 69. Qg6+ Kf1 70. Qh5 1-0

[Event "POR-chT"]
[Site "Portugal"]
[Date "1994.??.??"]
[Round "?"]
[White "Cary, Francisco"]
[Black "Charneira, Hermenegildo"]
[Result "1/2-1/2"]
[WhiteElo "2215"]
[BlackElo "2245"]
[PlyCount "57"]
[EventDate "1994.??.??"]
[EventType "team-tourn"]
[EventRounds "11"]
[EventCountry "POR"]
[SourceTitle "EXT 1998"]
[Source "ChessBase"]
[SourceDate "1997.11.17"]
[SourceVersion "1"]
[SourceVersionDate "1997.11.17"]
[SourceQuality "1"]

1. Nf3 d5 2. g3 Nc6 3. d4 Bg4 4. Bg2 f6 5. c4 Qd7 6. cxd5 Qxd5 7. Nc3 Qc4 8. Be3 0-0-0 9. Nd2 Qa6 10. d5 Ne5 11. f4 Nd3+ 12. Kf1 e5 13. h3 exf4 14. gxf4 Bh5 15. Qc2 Re8 16. Nde4 Nb4 17. Qd2 f5 18. Nc5 Qh6 19. Ne6 Nf6 20. Bd4 Nfxd5 21. Nxf8 Nxc3 22. Bxc3 Nc2 23. Be5 Bxe2+ 24. Kg1 Rhxf8 25. Qxc2 Rxe5 26. fxe5 Qe3+ 27. Kh2 Qxe5+ 28. Kg1 Qe3+ 29. Kh2 1/2-1/2

[Event "POR-ch 46th"]
[Site "Portugal"]
[Date "1990.??.??"]
[Round "9"]
[White "Santos, Carlos Pereira Dos"]
[Black "Cary, Francisco"]
[Result "1-0"]
[WhiteElo "2285"]
[BlackElo "2230"]
[PlyCount "139"]
[EventDate "1990.??.??"]
[EventType "tourn"]
[EventRounds "11"]
[EventCountry "POR"]
[SourceTitle "EXT 2004"]
[Source "ChessBase"]
[SourceDate "2003.11.25"]
[SourceVersion "1"]
[SourceVersionDate "2003.11.25"]
[SourceQuality "1"]

1. d4 Nf6 2. c4 g6 3. Nc3 Bg7 4. e4 0-0 5. Nf3 d6 6. Be2 e5 7. d5 h6 8. Nd2 Nbd7 9. 0-0 a5 10. Qc2 Ne8 11. a3 f5 12. Rb1 Ndf6 13. b4 axb4 14. axb4 f4 15. f3 Nh5 16. c5 Bf6 17. Nc4 Bh4 18. Rd1 Rf7 19. Bd2 Rg7 20. Ra1 Rb8 21. Ra3 g5 22. Rda1 g4 23. Ra8 gxf3 24. Bxf3 Bg4 25. Bxg4 Rxg4 26. Rxb8 Qxb8 27. Qd1 Nhf6 28. Ra3 Rg7 29. Qe2 Ng4 30. Nd1 Qd8 31. Be1 Bxe1 32. Qxe1 Qg5 33. Qe2 Kh7 34. Nd2 Qe7 35. Rc3 h5 36. Nf3 Kg8 37. c6 b6 38. Qe1 Nh6 39. Ra3 Rg4 40. Ra8 Kf7 41. Nf2 Rg8 42. h4 Ng7 43. Ra7 Kg6 44. Nh3 Ng4 45. Nhg5 Kh6 46. Qe2 Kg6 47. Qa6 Rb8 48. Rb7 Qd8 49. Qa7 Ra8 50. Rxc7 Rxa7 51. Rxa7 Qb8 52. Ra6 b5 53. Kf1 Ne3+ 54. Ke2 Nc2 55. Nxe5+ Kh6 56. Nef7+ Kg6 57. Ne5+ Kh6 58. c7 Nd4+ 59. Kd3 Qxc7 60. Rxd6+ Nge6 61. dxe6 Nc2 62. Rd7 Nxb4+ 63. Ke2 Qc2+ 64. Kf3 Qc3+ 65. Kxf4 Nd3+ 66. Rxd3 Qc1+ 67. Kf5 Qf1+ 68. Rf3 Qa1 69. Kf6 b4 70. Ngf7+ 1-0